000
00258nam a2200121Ia 4500
100
_a
Word Star
942
_c
BK
654
_a
Computer
245
_a
Companion Programs
260
_b
Word star INT Corpn
_a
California
_c
1990
546
_a
ENGLISH
999
_c
28142
_d
28142